000 00421nam a2200157Ia 4500
008 230917s9999||||xx |||||||||||||| ||und||
020 _cPON17.99
040 _e23766
_aMAIN
041 _aEnglish
082 _a515.35 A69P
100 _aAmmwsmith, D K
245 0 _aDynamical systems: Differential equations maps and chaotic behaviour
260 _aLondon
_bChapman & Hall
_c1992
300 _axix, 330 p.
942 _cBK
999 _c78791
_d78791